Giáo trình võ thuật Dùng cho sinh viên các trường CĐSP

שמור ב:
מידע ביבליוגרפי
מחבר ראשי: Nguyễn Văn Chung (Chủ biên)
מחברים אחרים: Nguyễn Anh Tú, Phạm Hồng Dương
פורמט: ספר
יצא לאור: H. Đại học sư phạm 2003
נושאים:
תגים: הוספת תג
אין תגיות, היה/י הראשונ/ה לתייג את הרשומה!
Thư viện lưu trữ: Trung tâm Học liệu Lê Vũ Hùng, Trường Đại học Đồng Tháp
LEADER 01772pam a22002658a 4500
001 00024576
005 20171026081022.0
008 110721s2003 ||||||Viesd
041 0 # |a Vie 
082 1 4 |a 796.807 1  |b GI108TR 
100 0 # |a Nguyễn Văn Chung  |e Chủ biên 
245 0 0 |b Dùng cho sinh viên các trường CĐSP  |c Nguyễn Văn Chung; Phạm Hồng Dương, Nguyễn Anh Tú ...  |a Giáo trình võ thuật 
260 # # |a H.  |b Đại học sư phạm  |c 2003 
300 # # |a 385 tr.  |c 24 cm. 
500 # # |a ĐTTS ghi: Bộ giáo dục và đào tạo. Dự án đào tạo giáo viên THCS 
650 # 4 |a Giáo trình 
650 # 4 |a Võ thuật 
700 0 # |a Nguyễn Anh Tú 
700 0 # |a Phạm Hồng Dương 
852 # # |b Kho giáo trình  |j KGT.0016659, KGT.0016660, KGT.0016661, KGT.0016662, KGT.0016663, KGT.0016664, KGT.0016665, KGT.0016666, KGT.0016667, KGT.0016668, KGT.0016669, KGT.0016670, KGT.0016671, KGT.0016672, KGT.0016673, KGT.0016674, KGT.0016675, KGT.0016676, KGT.0016677, KGT.0016678, KGT.0016679, KGT.0016680, KGT.0016681, KGT.0016682, KGT.0016683, KGT.0016684, KGT.0016685, KGT.0016686, KGT.0016687 
852 # # |b Kho mượn  |j KGT.0016659 
852 # # |b Kho đọc  |j KD.0009556 
852 # # |j KGT.0016661  |j KGT.0016663  |j KGT.0016664  |j KGT.0016666  |j KGT.0016667  |j KGT.0016671  |j KGT.0016672  |j KGT.0016674  |j KGT.0016675  |j KGT.0016677  |j KGT.0016680  |j KGT.0016682  |j KGT.0016683  |j KGT.0016685  |j KGT.0016659  |j KGT.0016660  |j KGT.0016668  |j KGT.0016669  |j KGT.0016678  |j KGT.0016679  |j KGT.0016687  |j KGT.0016662  |j KGT.0016665  |j KGT.0016670  |j KGT.0016673  |j KGT.0016676  |j KGT.0016681  |j KGT.0016684  |j KGT.0016686  |j KGT.0055146 
910 |d 21/07/2011 
980 # # |a Trung tâm Học liệu Lê Vũ Hùng, Trường Đại học Đồng Tháp